Detalles MARC
| 000 -CABECERA |
| campo de control de longitud fija |
01395nam a2200181 a 4500 |
| 001 - NÚMERO DE CONTROL |
| campo de control |
000038402 |
| 005 - FECHA Y HORA DE LA ÚLTIMA TRANSACCIÓN |
| campo de control |
20210420113209.0 |
| 008 - DATOS DE LONGITUD FIJA--INFORMACIÓN GENERAL |
| campo de control de longitud fija |
130412s2010 xxuacd 000 0 spa d |
| 020 ## - NÚMERO INTERNACIONAL ESTÁNDAR DEL LIBRO |
| Número Internacional Estándar del Libro |
9789280644760 |
| 040 ## - FUENTE DE LA CATALOGACIÓN |
| Centro catalogador/agencia de origen |
DO-SdBNP |
| Lengua de catalogación |
spa |
| Centro/agencia transcriptor |
BNPHU |
| 110 ## - ENTRADA PRINCIPAL--NOMBRE DE ENTIDAD CORPORATIVA |
| Nombre de entidad corporativa o nombre de jurisdicción como elemento de entrada |
Fondo de las Naciones Unidas para la Infancia |
| 9 (RLIN) |
9270 |
| 245 13 - MENCIÓN DE TÍTULO |
| Título |
La infancia y el SIDA : |
| Resto del título |
quinto inventario de la situación, 2010/. |
| 246 10 - FORMA VARIANTE DE TÍTULO |
| Título propio/Titulo breve |
Quinto inventario de la situación, 2010. |
| 260 ## - PUBLICACIÓN, DISTRIBUCIÓN, ETC. |
| Lugar de publicación, distribución, etc. |
New York : |
| Nombre del editor, distribuidor, etc. |
Fondo de las Naciones Unidas para la Infancia, |
| Fecha de publicación, distribución, etc. |
2010. |
| 300 ## - DESCRIPCIÓN FÍSICA |
| Extensión |
48 p. : |
| Otras características físicas |
il. ; |
| Dimensiones |
30 cm. |
| 500 ## - NOTA GENERAL |
| Nota general |
Texto a dos columnas |
| 505 0# - NOTA DE CONTENIDO CON FORMATO |
| Título |
Introducción -- |
| -- |
Prevención de la transmisión de madre a hijo -- |
| -- |
Tratamiento y atención pediátrica -- |
| -- |
Prevenir la infección entre los adolescentes y los jóvenes -- |
| -- |
Protección, atención y apoyo para los niños y niñas afectados por el VIH y el SIDA -- |
| -- |
Supervisión y evaluación de programas -- |
| -- |
Inversión : lo que necesitan las mujeres y la infancia -- |
| -- |
Llamamiento a la acción -- |
| -- |
Referencias -- |
| -- |
Anexo : notas sobre los datos -- |
| -- |
Objetivo 1. Prevenir la transmisión de madre a hijo en los países de bajos y mediados ingresos -- |
| -- |
Objetivo 2. Tratamiento pediátrico en los países de bajos y medianos ingresos -- |
| -- |
Objetivo 3. Prevenir la infección entre los adolescentes y los jóvenes-- |
| -- |
Objetivo 4. Proteges y ayudara los niños afectados por el VIH y el SIDA -- |